000 00321nam a22001457a 4500
008 210222b ||||| |||| 00| 0 eng d
020 _a9781284007701
041 _aeng
080 _a32
082 _a32
100 _a19
101 _aSHP
245 _aPeople, Policy, and the Enviroment
_cLaJoie, S
942 _2udc
_cBK
999 _c55097
_d55097